| 000 | 02259 a2200217 4500 | ||
|---|---|---|---|
| 999 |
_c10677 _d10677 |
||
| 020 | _a9789004142657 | ||
| 050 |
_aKZ1269 _bBEY 2005 |
||
| 100 |
_aSkurbaty, Zelim _eeditor |
||
| 245 |
_aBeyond a One-Dimensional State : _ban Emerging Right to Autonomy? / _cZelim Skurbaty |
||
| 264 |
_aLeiden : _bMartinus Nijhoff publishers., _c2005 |
||
| 300 | _a1 online resource (637 pages) | ||
| 336 |
_1text _2txt _ardacontent |
||
| 337 |
_1unmediated _2n _ardamedia |
||
| 338 |
_1volume _2nc _ardacarrier |
||
| 440 | _aThe Raoul Wallenberg Institute Human Rights and humanitarian law and the Danish institute for human rights, 19. | ||
| 504 | _aIncludes index and bibliography. | ||
| 505 | _aAcknowledgements; Biographical Notes; Prolegomenon: Prefatory Words by Max van der Stoel, Gudmundur Alfredsson and Morten Kjr̆um; Abbreviations; Introduction by Zelim A. Skurbaty; Autonomy as a Participatory Right in the Modern Democratic State; Legal Appraisal of Autonomy; Problems Related to the Economic Viability of Autonomous Arrangements; Conceptual Issues Pertaining to Autonomy; Meta-Legal and Philosophical Dimensions of Autonomy; Autonomy and Cultural Rights; International Guarantees of Autonomy; Autonomy: The Problem of Irredentism and Cross-Border Cooperation. Autonomy, Participation and Minority Rights Autonomy and Indigenous People; Autonomy, Minorities and Self-Determination; Failed Experiences with Autonomy; Autonomy in the Countries of Transition; Autonomy and Conflict Resolution; National and Regional Experiments with Autonomous Arrangements; Summary Conclusions; Index. | ||
| 520 | _aWith a scholarly attention to analytical precision, factual accuracy, and scrupulous objectivity the authors of the present volume - coming from such diverse fields as international law, philosophy, ethics, economics, political science, - detail and explore the protean character of autonomy as both a concept (autonomy's subtypes, autonomy vs. other arrangements for the diffusion of power within heterogeneous societies, new definitions of the concept, etc.) and a practice (the potential of autonomy in the peaceful resolution of ethnic conflicts; comparative case studies, ranging from Greenland. | ||
| 650 | _aAutonomy. | ||
| 942 |
_2lcc _cBK _h1269 _iBEY _kKZ |
||